000 00433nam a2200157Ia 4500
008 210716s2013 xx 000 0 und d
020 _a9781259027017
041 _aeng
082 _a153.94 SHAA
100 _aSharma, Arun.
245 _aHow to prepare for quantitative aptitude for the CAT
250 _a5
260 _aNew Delhi
_bTata McGraw Hill Publishing Company Ltd
_c2013
300 _axxix,639
650 _aAptitude Test
999 _c193205
_d193205